00955nam a22002657a 450000500170000000800410001701000150005802000260007302000230009903500130012203700130013504000130014808200110016110000340017224500930020625000120029926000390031127000450035030000270039550000500042270000290047294200300050199900170053195201410054820111117152653.0111117t xxu||||| |||| 00| 0 eng d aENG-104140 a9780071333412c425.00 a007133341xc425.00 aEN-87673 bDBAD/PUB aDPLbEng a657.481 aNeelkantan Ramchandran9359171 aFinancial accounting for management /cby Neelkantan Ramchandran [and] Ram Kumar Kakani a3rd ed aNew DelhibTata McGraw-Hill c2011 a7, West Patel Nagar,bNew Delhie110 008 axix, 753p.c24cm (pbk) aIncludes bibliographical refrences and index1 aKakani, Ram Kumar935918 adplcEN2ddch657.48mNEE c58502d58502 00102ddc40718NFICaDBADbDBADd2011-11-17eDBAD/PUBg425.00l0o657.48 NEEpEN-87673r2011-11-17 00:00:00t1v425.00w2011-11-17yEN